| 000 | nam a22 7a 4500 | ||
|---|---|---|---|
| 999 |
_c127209 _d127209 |
||
| 008 | 171109b xxu||||| |||| 00| 0 eng d | ||
| 050 | _aP106.L287 | ||
| 245 |
_aLanguage and philosophical linguistics _bPhilosophical perspectives, 17, Language and philosophical linguistics, 2003 _cEdited by John Hawthrone |
||
| 260 |
_aOxford _bBlackwell Publishing _c2003 |
||
| 300 |
_aviii, 490p. ; _c23cm. |
||
| 440 |
_aPhilosophical perspectives _nv.17 _937485 |
||
| 650 |
_aLanguage and languages _xPhilosophy _937486 |
||
| 650 |
_aLinguistics _xMethodology _937487 |
||
| 700 |
_aHawthorne, John _eed. _937488 |
||
| 700 |
_aZimmerman, Dean _eed. _937489 |
||
| 942 |
_2lcc _cMONOGRAPH |
||